000 00396nam a2200169Ia 4500
008 220531s9999 xx 000 0 und d
041 _aeng
082 _bMAC
100 _aMaclean, Alistair
_938971
245 _aGolden Rendezvous
260 _bHarper
_c1995
300 _a278
542 _d30-06-1998
650 _aEnglish
_938972
906 _d1998-1999
_f6150
999 _c23551
_d23551